1599 1143 1269 1923 1138 1179 1820 1839 1280 1500 1919 1618 1991 1151 1780 1906 1233 1378 1326 1352 1077 1555 1080 1040 1159 1980 1762 1328 1219 1643 1831 1378 1597 1566 1055 1386 1449 1029 1333 1891 1610 1571 1468 1124 1378 1687 1316 1273 1820 1835 1758 1007 1162 1737 1106 1989 1497 1089 1458 1652 1983 1044 1403 1210 1156 1097 1266 1121 1142 1925 1484 1967 1472 1947 1269 1766 1937 1550 1127 1562 1806 1198 1765 1501 1177 1155 1338 1643 1177 1739 1187 1699 1314 1463 1009 1726 1684 1888 1243 BCNSPRNW ULIB Ver.6.0+V

เปลี่ยนเป็นภาษาไทย

Change to English
 แสดงรายละเอียดบรรณานุกรม
  กลับหน้าหลัก

Brief Record : Get Marc (ISO 2709) : E-mail record : QR code < ปิดหน้าต่าง
LEADER : 00000nam 2200000uu 4500
001    13399120712
003     ULIB
008    120622s2544||||th 000 0 tha d
020    ^a9742938148
060 04 ^aWY159^bพ239ก ล.1
100 0  ^aพรทิพย์ ศิริบูรณ์พัฒนา
245 00 ^aการพยาบาลเด็ก^nเล่ม 1 /^cพรทิพย์ ศิริบูรณ์พัฒนา,บรรณาธิการ
250    ^aพิมพ์ครั้งที่ 1
260    ^aนนทบุรี :^bโครงการสวัสดิการวิชาการ สถาบันพระบรมราชชนกกระทรวงสาธารณสุข,^c2544
300    ^a[9], 255 หน้า :^bภาพประกอบ ;^c26 ซม.
650  7 ^aการพยาบาลกุมารเวชศาสตร์
700 0  ^aพรทิพย์ ศิริบูรณ์พิพัฒนา,^eบรรณาธิการ
710 2  ^aสถาบันพระบรมราชชนก. ^bโครงการสวัสดิการวิชาการ
945    ^p180^l0^i13894
995    ^aทศพร
999    ^aใช้งานได้ทุกระบบ
รายการนี้ยังไม่มีแท็ก
คุณยังไม่ได้ล็อกอิน คุณสามารถมีกิจกรรมร่วมกับเว็บไซต์ได้ แต่ต้องล็อกอินก่อน ::
  ล็อกอิน

รายการสื่อสารสนเทศ

ลำดับที่ ประเภท เลขเรียก/บาร์โค้ด สถานที่ สถานะ
1. Book การพยาบาล
Book การพยาบาล
WY159 พ239ก ล.1 ฉ.1 
  Barcode: 13894
ห้องสมุดวิทยาเขตนครสวรรค์
►หนังสือทั่วไป:l:General Books
บนชั้น

รายการใกล้เคียง
    ผู้แต่ง [พรทิพย์ ศิริบูรณ์พัฒนา]

    หัวเรื่อง [การพยาบาลกุมารเวชศาสตร์]

BibComment


ยังไม่เคยถูกคอมเมนท์

คอมเมนท์ทรัพยากรรายการนี้
  คอมเมนท์: การพยาบาลเด็ก เล..


 Copyright 2026. Bcnsprnw @Library